Statistiques concernant Générique Tortues Ninja - Paroles

Cliquez ici pour prendre le quiz!

Statistiques générales

  • Ce quiz a été pris 64 fois
  • Le résultat moyen est 14 sur 22

Statistiques - réponses

Paroles% Correct
Tortues ninja, {Tortues} {ninja},
100%
Tortues ninja, {Tortues} {ninja},
100%
Tortues ninja, {Tortues} {ninja},
98%
Tortues ninja, {Tortues} {ninja},
76%
Tortues ninja, {Tortues} {ninja},
73%
Tortues ninja, {Tortues} {ninja},
71%
Tortues ninja, {Tortues} {ninja},
68%
Tortues ninja, {Tortues} {ninja},
68%
Tortues ninja, {Tortues} {ninja},
68%
Tortues ninja, {Tortues} {ninja},
66%
Ils sont les meilleurs et font la {loi}
64%
Tortues ninja, {Tortues} {ninja},
64%
Tortues ninja, {Tortues} {ninja},
64%
Quatre tortues d'enfer {dans} {la} {ville}
59%
Pour venger Splinter, ils sortent les {katanas}
56%
Mais quand il s'agit d's'{amuser}
54%
Finit la terreur, on est là {pour} {rigoler}
53%
Ils sortent les nunchaks, c'est {la} {panique}
51%
Ce sont des guerriers {fantastiques},
49%
Chevaliers d'écailles et de {vinyle}
49%
{Kowabunga}, le cri des ninjas
41%
On a plus qu'à {devenir} des ninjas
29%

Distribution des résultats

Percentile par nombre de réponses

% des personnes avec chaque résultat

Votre développement - résultats

Vous n’avez pas pris ce quiz